<?xml version="1.0" encoding="UTF-8"?>
<record
    xmlns:xsi="http://www.w3.org/2001/XMLSchema-instance"
    xsi:schemaLocation="http://www.loc.gov/MARC21/slim http://www.loc.gov/standards/marcxml/schema/MARC21slim.xsd"
    xmlns="http://www.loc.gov/MARC21/slim">

  <leader>00574nam a22001937a 4500</leader>
  <controlfield tag="003">OSt</controlfield>
  <controlfield tag="005">20140310182349.0</controlfield>
  <controlfield tag="008">130928t        xxu||||| |||| 00| 0 eng d</controlfield>
  <datafield tag="050" ind1=" " ind2=" ">
    <subfield code="a">BS 551.2</subfield>
    <subfield code="b">.D45 1995</subfield>
  </datafield>
  <datafield tag="082" ind1=" " ind2=" ">
    <subfield code="a">GS 220.9505 </subfield>
    <subfield code="b">D36 1995</subfield>
  </datafield>
  <datafield tag="100" ind1=" " ind2=" ">
    <subfield code="a">Delval, Marie-Helene</subfield>
    <subfield code="9">22087</subfield>
  </datafield>
  <datafield tag="245" ind1=" " ind2=" ">
    <subfield code="a">Bible for children /</subfield>
    <subfield code="c">Marie-Helene Delval.</subfield>
  </datafield>
  <datafield tag="260" ind1=" " ind2=" ">
    <subfield code="a">France : </subfield>
    <subfield code="b">Reader's Digest Young Families, </subfield>
    <subfield code="c">1995.  </subfield>
  </datafield>
  <datafield tag="300" ind1=" " ind2=" ">
    <subfield code="a">165 p : </subfield>
    <subfield code="b">col. ill. ; </subfield>
    <subfield code="c">29 cm.  </subfield>
  </datafield>
  <datafield tag="650" ind1=" " ind2=" ">
    <subfield code="a">Bible stories.</subfield>
    <subfield code="9">10553</subfield>
  </datafield>
  <datafield tag="650" ind1=" " ind2=" ">
    <subfield code="a">Bible. English.</subfield>
    <subfield code="9">22088</subfield>
  </datafield>
  <datafield tag="942" ind1=" " ind2=" ">
    <subfield code="2">lcc</subfield>
    <subfield code="c">BK-GS</subfield>
  </datafield>
  <datafield tag="999" ind1=" " ind2=" ">
    <subfield code="c">12305</subfield>
    <subfield code="d">12305</subfield>
  </datafield>
  <datafield tag="952" ind1=" " ind2=" ">
    <subfield code="0">0</subfield>
    <subfield code="1">0</subfield>
    <subfield code="2">lcc</subfield>
    <subfield code="4">0</subfield>
    <subfield code="a">LUX</subfield>
    <subfield code="b">LUX</subfield>
    <subfield code="c">GS</subfield>
    <subfield code="d">2013-09-28</subfield>
    <subfield code="l">1</subfield>
    <subfield code="o">BS 551.2 .D45 1995</subfield>
    <subfield code="p">5418</subfield>
    <subfield code="r">2018-04-02 00:00:00</subfield>
    <subfield code="s">2018-03-27</subfield>
    <subfield code="t">1</subfield>
    <subfield code="w">2013-09-28</subfield>
    <subfield code="y">BK</subfield>
  </datafield>
</record>
